Introducing CAL (Computer Assistered learning) (Record no. 168827)

MARC details
000 -LEADER
fixed length control field 00447nam a2200181Ia 4500
008 - FIXED-LENGTH DATA ELEMENTS--GENERAL INFORMATION
fixed length control field 240823s9999||||xx |||||||||||||| ||und||
082 ## - DEWEY DECIMAL CLASSIFICATION NUMBER
-- 371.334 M4
100 ## - MAIN ENTRY--PERSONAL NAME
Personal name "Hudson,Keith"
245 #0 - TITLE STATEMENT
Title Introducing CAL (Computer Assistered learning)
250 ## - EDITION STATEMENT
Edition statement 1st
260 ## - PUBLICATION, DISTRIBUTION, ETC. (IMPRINT)
Date of publication, distribution, etc 1984
Name of publisher, distributor, etc "Chapman and Hall,New York"
500 ## - GENERAL NOTE
General note YES
650 ## - SUBJECT ADDED ENTRY--TOPICAL TERM
Topical term or geographic name as entry element Teaching
942 ## - ADDED ENTRY ELEMENTS (KOHA)
Item type Books
Holdings
Withdrawn status Lost status Damaged status Permanent location Current location Date acquired Source of acquisition Cost, normal purchase price Full call number Barcode Date last seen Koha item type
      CENTRAL LIBRARY, NOORUL ISLAM CENTRE FOR HIGHER EDUCATION CENTRAL LIBRARY, NOORUL ISLAM CENTRE FOR HIGHER EDUCATION 05/09/2003 "Sree Narasimha Vilasom Book Dept,Thuravoor" 145.00 371.334 M4 2321 08/23/2024 Books
Visitors:
Copyright © 2024 Central Library NICHE.  All rights reserved.